00860 a2200205 4500020001600000040001300016082001000029100002300039245008000062260005000142300003500192500002000227650004700247650003700294650001700331942002300348999001500371952013400386952013400520 a 8176352179 aDLCbDLC04a004.61 aFeldman, Jonathan.10aSams teach yourself network troubleshooting in 24 hours cJonathan Feldman. aIndianapolis, Ind. :bSams Publishing,c1998. axvii, 436 p. :bill. ;c23 cm. aIncludes index. 0aComputer networksxMaintenance and repair. 0aComputer Communication Networks. 0aMaintenance. cBKk004.6 FEL2ddc c5519d5519 001040708NFICaCLbCLcDACOMd2003-08-29eAcademic Book companyg223.50l0o004.6 FELpSEECS003778r2019-01-14w2017-01-05yBK 001040708NFICaCLbCLcDACOMd2003-08-29eAcademic Book companyg223.50l0o004.6 FELpSEECS003779r2012-11-14w2017-01-05yBK